| 000 | 00895nam a2200253 i 4500 | ||
|---|---|---|---|
| 001 | 52079 | ||
| 003 | ES-MaACL | ||
| 005 | 20250818063039.0 | ||
| 007 | t| | ||
| 008 | 030825s1970 sp ||||1| spa d | ||
| 017 |
_aM 1446-1970 _bOficina Depósito Legal Madrid |
||
| 040 | _cES-MaACL | ||
| 100 | 1 |
_aChomsky, Noam, _d1928- _938607 _eaut |
|
| 245 | 1 | 0 |
_aAspectos de la teoría de la sintaxis / _cNoam Chomsky ; introducción, versión, notas y apéndice de C.P. Otero. |
| 260 |
_aMadrid : _bAguilar, _c[1970]. |
||
| 300 |
_aLXXX, 260 páginas : _bilustrado ; _c22 cm. |
||
| 650 | 4 |
_917128 _aSintaxis |
|
| 650 | 4 |
_914463 _aLingüística |
|
| 700 | 1 |
_aPeregrin Otero, Carlos _990462 _epbl |
|
| 852 |
_aES-MaACL _jC-38621 _bR.73179 _954053 _cDEPO2 _xEncuadernación rústica |
||
| 942 |
_cMONOGRAFIA _n0 |
||
| 999 |
_c52079 _d52079 |
||